| 000 | 00370nam a22001577a 4500 | ||
|---|---|---|---|
| 005 | 20160625093013.0 | ||
| 008 | 160625b xxu||||| |||| 00| 0 eng d | ||
| 041 | _aeng | ||
| 082 | _b9893 | ||
| 100 |
_aAhuja, B.N. _92700 |
||
| 245 | _aTheory and Practice of Journalism | ||
| 260 |
_bSurjeet _c2005 |
||
| 300 | _a362 | ||
| 650 |
_aMass Communication _92660 |
||
| 942 | _cBK | ||
| 999 |
_c3887 _d3886 |
||